[Event "Pavlodar Open 2019"]
[Site "Pavlodar"]
[Date "2019.11.25"]
[Round "1.1"]
[White "Tiviakov, Sergei"]
[Black "Sapenov, Daniyal"]
[Result "1-0"]
[WhiteElo "2613"]
[BlackElo "1764"]
[Annotator "TA"]
[PlyCount "73"]
[EventDate "2019.11.25"]
[EventType "swiss"]
[EventCountry "KAZ"]
[SourceTitle "playchess.com"]
[Source "ChessBase"]
[SourceQuality "1"]

{[%evp 10,73,27,0,5,0,8,0,35,29,41,38,73,81,94,33,55,19,68,83,120,115,116,116,120,118,113,117,129,125,156,127,150,112,173,170,196,167,235,241,381,375,370,359,506,501,492,465,526,516,710,684,646,431,678,574,557,556,556,558,892,614,935,914,751,278]} 1. e4 e5 2. Bc4 Nf6 3. d3 Nc6 4. Nf3 Be7 5. Bb3 O-O 6. c3 d5 {C55: Two Knights: 4 d3, 4 d4 exd4 5 e5 and Max Lange Attack} (6... d6 7. O-O Na5 8. Bc2 c5 9. d4 cxd4 10. cxd4 Nc6 11. d5 Nb4 12. Bb3 a5 13. a3 Na6 14. Bc2 Bd7 15. Bd2 a4 16. Re1 b5 {0-1 (48) Tiviakov,S (2639)-Nikolic,P (2601) Leiden 2015}) 7. Qe2 dxe4 8. dxe4 Bg4 {The position is equal.} 9. h3 Bh5 10. Nbd2 Bg6 11. Bc2 Bc5 12. Nf1 ({White should try} 12. Nh4 $16) 12... Qe7 $146 ({Predecessor:} 12... Nh5 13. Bg5 Nf4 14. Bxd8 Raxd8 15. Qd2 Nxg2+ 16. Kd1 Rxd2+ 17. N3xd2 Bxf2 18. Ba4 Nf4 19. Nh2 Be3 20. Nhf3 Rd8 21. Bc2 Bh5 {0-1 (21) Cooley,C (2268)-Tebb,D (2209) Sunningdale 2008}) 13. Ng3 Rad8 14. Nh4 Rfe8 15. Bg5 Qf8 16. Bxf6 gxf6 17. Nhf5 Ne7 18. O-O Bxf5 19. exf5 Qh6 20. Ne4 Bb6 21. Qf3 Nd5 (21... Kg7 $16) 22. Rad1 $18 Nf4 {[#]} 23. h4 $1 Kh8 (23... Qxh4 {keeps fighting.} 24. g3 Qh3) 24. g3 Nd5 (24... Qh5 {might work better.} 25. Qxh5 Nxh5) 25. Bb3 c6 26. c4 Bd4 (26... Nb4 {is a better defense.} 27. c5 Bc7 28. Bxf7 Rf8) 27. cxd5 {White is clearly winning.} cxd5 28. Nc3 Rg8 29. Bxd5 Rxg3+ 30. Qxg3 Rg8 31. Kg2 Qxh4 (31... Rxg3+ $142 32. fxg3 Qf8) 32. Ne4 Rxg3+ 33. fxg3 Qg4 {Black hopes to continue with ...Qe2+.} 34. Rf3 Qg7 35. Rh1 Qf8 36. Nxf6 {[%csl Gf6][%cal Rh1h7] [#]} Kg7 37. Rxh7+ $2 {Accuracy: White = 76%, Black = 13%.} (37. Ne4) 1-0

[Event "Pavlodar Open 2019"]
[Site "Pavlodar"]
[Date "2019.11.25"]
[Round "1.2"]
[White "Myakinki, Nikolai"]
[Black "Sivuk, Vitaly"]
[Result "0-1"]
[WhiteElo "1753"]
[BlackElo "2582"]
[Annotator "TA"]
[PlyCount "58"]
[EventDate "2019.11.25"]
[EventType "swiss"]
[EventCountry "KAZ"]
[SourceTitle "playchess.com"]
[Source "ChessBase"]
[SourceQuality "1"]

{[%evp 12,58,4,-37,-15,-18,-23,-32,-34,-32,-34,-48,-23,-28,0,-103,-110,-122,-120,-120,-117,-128,-137,-170,-64,-69,-69,-243,-218,-183,-177,-208,-204,-202,-192,-204,-202,-1354,-1328,-1042,-879,-860,-857,-835,-806,-1777,-1717,-5289,-2086]} 1. d4 Nf6 2. c3 g6 3. Bf4 Bg7 4. Nf3 O-O 5. Nbd2 d6 6. e3 c5 7. h3 cxd4 {A48: 1 d4 Nf6 2 Nf3 g6: Torre, London and Colle Systems} (7... b6 8. Bd3 Bb7 9. Qe2 a6 10. O-O Nc6 11. Bh2 Re8 12. Rfd1 b5 13. dxc5 dxc5 14. c4 b4 15. Nb3 Qb6 16. a4 a5 {½-½ (50) Fontaine,R (2563)-Maze,S (2620) chess.com INT 2018}) 8. exd4 Nc6 9. Bc4 e5 {Black is slightly better.} 10. dxe5 dxe5 11. Be3 e4 12. Nd4 Ne5 13. Be2 (13. O-O $11 {remains equal.}) 13... Nd5 $146 ({Predecessor:} 13... Re8) 14. Nc4 Nxc4 15. Bxc4 Nxe3 16. fxe3 Qh4+ $1 17. Kd2 {[#]} Qg5 (17... b5 $1 $19 {[%cal Rb5c4][%mdl 512]} 18. Bb3 (18. Bxb5 Rb8) 18... b4 $1 {[%mdl 512]}) 18. Qe2 $15 Bd7 19. Raf1 $2 {[#]} (19. Kc2 $15) 19... b5 $1 $19 {[%cal Rb5c4][%mdl 512]} 20. Bb3 {[#]} (20. Bxb5 Rab8) 20... b4 $1 {[%mdl 512]} 21. Rf4 (21. cxb4 Bxd4) 21... bxc3+ 22. bxc3 Bxd4 23. cxd4 Rac8 {Strongly threatening ...Qa5+.} 24. Qf2 $2 (24. Rb1) 24... Qa5+ {Black is clearly winning.} 25. Kd1 Ba4 {( -> ...Bxb3+)} 26. Qb2 Bxb3+ 27. axb3 Qb5 {And now ...Qd3+ would win.} 28. Qb1 Rc3 {[%mdl 64] Double Attack} 29. Qxe4 Re8 {Accuracy: White = 30%, Black = 74%.} 0-1

[Event "Pavlodar Open 2019"]
[Site "Pavlodar"]
[Date "2019.11.25"]
[Round "1.3"]
[White "Vorobiov, Evgeny E."]
[Black "Tkachyov, Adil"]
[Result "1/2-1/2"]
[WhiteElo "2554"]
[BlackElo "1753"]
[Annotator "TA"]
[PlyCount "65"]
[EventDate "2019.11.25"]
[EventType "swiss"]
[EventCountry "KAZ"]
[SourceTitle "playchess.com"]
[Source "ChessBase"]
[SourceQuality "1"]

{[%evp 18,65,5,-3,15,21,49,18,19,19,19,44,44,21,22,14,20,21,14,14,18,0,0,0,0,8,15,12,19,20,4,8,24,21,20,0,0,0,0,0,0,0,0,0,0,0,0,0,0,-257]} 1. Nf3 Nf6 2. c4 e6 3. d4 d5 4. Nc3 Bb4 5. e3 O-O 6. Bd2 b6 7. Rc1 Bb7 8. cxd5 exd5 9. Bd3 Nbd7 10. O-O a6 {E52: Nimzo-Indian: Rubinstein: 4...0-0 5 Nf3 d5 6 Bd3 b6} 11. Ne5 Re8 12. a3 $146 {[#] Threatens to win with Nxd7.} (12. f4 {is interesting.} c5 13. Bf5 Nf8 14. a3 Bxc3 15. Bxc3 Ng6 16. Bc2) ({Predecessor:} 12. f4 Nf8 13. Be1 c5 14. Bh4 c4 15. Bc2 b5 16. g4 Qb6 17. g5 Ne4 18. Nxe4 dxe4 {0-1 (44) Li,C (2746)-Short,N (2666) Baku 2016}) 12... Nxe5 13. dxe5 Bxc3 $1 14. Bxc3 Ne4 15. Bxe4 dxe4 16. Qg4 Re6 17. Rfd1 Qe7 18. Rd2 a5 19. Rcd1 {[#] Strongly threatening Rd7.} Bc6 20. h3 Re8 21. b4 Ba4 22. Rc1 Rg6 23. Qf4 axb4 24. axb4 Bd7 {Threatening ...Bxh3.} 25. Kh2 ({But not} 25. Qxe4 Bc6 $17) 25... Qe6 {The position is equal.} 26. Qh4 Rh6 27. Qg5 Rg6 28. Qh5 Rh6 29. Qg5 $1 Rg6 30. Qh5 Rh6 31. Qg5 $1 Rg6 32. Qh5 Rh6 33. Qd1 $2 {[%mdl 40960] Accuracy: White = 58%, Black = 57%. . An unexpected result.} (33. Qg5 $1 $11) 1/2-1/2

[Event "Pavlodar Open 2019"]
[Site "Pavlodar"]
[Date "2019.11.25"]
[Round "1.4"]
[White "Tulendinov, Dinmukhammed"]
[Black "Obolenskikh, Dmitry"]
[Result "0-1"]
[WhiteElo "1734"]
[BlackElo "2542"]
[Annotator "TA"]
[PlyCount "50"]
[EventDate "2019.11.25"]
[EventType "swiss"]
[EventCountry "KAZ"]
[SourceTitle "playchess.com"]
[Source "ChessBase"]
[SourceQuality "1"]

{[%evp 15,50,34,81,44,77,22,20,-12,-4,-25,-10,-85,-86,-87,-70,-112,-108,-108,-59,-52,-56,-60,-57,-54,-51,-99,-93,-101,-106,-250,-248,-248,-231,-250,-250,-405,-391]} 1. e4 c5 2. Nf3 Nf6 3. Nc3 Nc6 4. d4 d5 5. exd5 Nxd5 6. dxc5 Nxc3 7. Qxd8+ Nxd8 8. bxc3 g6 9. Be3 {B29: Sicilian: 2 Nf3 Nf6 (Nimzowitsch Variation)} Bg7 10. Bd4 (10. Bb5+ $16 Nc6 11. Nd4) (10. Bb5+ Nc6 11. Nd4 Bd7 12. Rb1 O-O 13. O-O e5 14. Nxc6 Bxc6 15. Bxc6 bxc6 16. Rfd1 f5 {1-0 (45) Gavrilakis,N (2464)-Rakay,K (2491) ICCF email 2008}) 10... O-O $11 11. Bxg7 $146 {The position is equal.} ({Predecessor:} 11. O-O-O Bh6+ 12. Kb2 f6 13. Bc4+ Be6 14. Bb3 Bf7 15. Be3 Bxe3 16. fxe3 a5 {1-0 (41) Havlik,J (2308)-Mojzis,J (2257) Tabor 2009}) 11... Kxg7 12. O-O-O Bg4 $1 13. Bb5 (13. Be2 $11 {keeps the balance.}) 13... Bxf3 $17 14. gxf3 Rc8 $1 15. Rhe1 Rxc5 16. Ba4 Rc7 (16... b5 {keeps more tension.} 17. Bb3 Rc7 18. Rd4 Rxc3 19. Rd7 Rxf3 20. Rexe7 a5) 17. Rd7 Rxd7 18. Bxd7 $15 {[%mdl 4096] Endgame KRB-KRN} Kf6 19. Re4 e6 20. Ra4 Ke7 21. Bc8 Kd6 $1 {[%cal Rd6c7] Threatens to win with ...Kc7.} 22. Rxa7 {[#]} (22. Rd4+ $17 Kc7 23. Bd7) 22... Kc7 $1 $19 ({And not} 22... Nc6 23. Ra8 $11) 23. Ra8 {[#]} f5 $1 {[%mdl 1024] Black has strong compensation.} 24. a4 e5 25. a5 $2 {[#]} (25. Kb2 {was worth a try.}) 25... Ne6 $1 {[%mdl 576] Pin. Accuracy: White = 21%, Black = 85%.} 0-1

[Event "Pavlodar Open 2019"]
[Site "Pavlodar"]
[Date "2019.11.25"]
[Round "1.6"]
[White "Ternovoy, Konstantin"]
[Black "Korneev, Oleg"]
[Result "0-1"]
[WhiteElo "1693"]
[BlackElo "2530"]
[Annotator "TA"]
[PlyCount "58"]
[EventDate "2019.11.25"]
[EventType "swiss"]
[EventCountry "KAZ"]
[SourceTitle "playchess.com"]
[Source "ChessBase"]
[SourceQuality "1"]

{[%evp 9,117,0,0,0,0,0,0,0,0,0,6,-22,-29,-45,-36,-34,-32,-88,-90,-150,-137,-177,-174,-170,-135,-141,-140,-152,-145,-153,-143,-162,-154,-156,-151,-159,-162,-191,-181,-179,-179,-186,-186,-267,-268,-233,-182,-259,-266,-247,-187,-200,-194,-403,-402,-437,-437,-408,-395,-452,-433,-442,-459,-509,-516,-12839,-12839,-12840,-12840,-12841,-12841,-12841,-12841,-12842,-12842,-12843,-12843,-12843,-12844,-12845,-12846,-12845,-12845,-12850,-27999,-27999,-27999,-27999,-27999,-27999,-27998,-27999,-27999,-27999,-27999,-27998,-27999,-27999,-27999,-27999,-27999,-27999,-27999,-27999,-27999,-27999,-27999,-27999,-27999,-27999]} 1. e4 c5 2. Nf3 e6 3. c3 Nf6 4. Bd3 d5 5. e5 Nfd7 6. Bc2 {B40: Sicilian: 2...e6, Unusual lines} c4 7. d3 cxd3 8. Bxd3 {The position is equal.} (8. Qxd3 Nc6 9. Bf4 g6 10. O-O Bg7 11. Re1 h6 12. Bg3 g5 {½-½ (31) Bruzon Batista,L (2659)-Perunovic,M (2622) Berlin 2015}) 8... Nc6 9. Bf4 Be7 10. Nbd2 $146 ({Predecessor:} 10. h4 f6 11. Qe2 fxe5 12. Nxe5 Ndxe5 13. Bxe5 Nxe5 14. Qxe5 {0-1 (73) Tarasov,I (2340)-Alavkin,A (2439) Tula 2009}) 10... g5 $36 {[%mdl 2048] Black has some pressure.} 11. Bg3 g4 12. Nd4 Ndxe5 13. Bxe5 (13. Bb5 $15 Bd7 14. Nxc6 Nxc6 15. Qxg4) 13... Nxe5 $17 14. Be2 ({White should try} 14. Bc2) 14... h5 15. Qa4+ Bd7 16. Qb3 Qb6 17. Qxb6 axb6 18. h3 Rg8 19. hxg4 hxg4 20. g3 Bg5 21. f4 gxf3 $1 22. N2xf3 Nxf3+ 23. Bxf3 Ke7 24. Kf2 Rh8 25. Rxh8 Rxh8 26. Rh1 (26. Bg2 $142) 26... Rxh1 $19 27. Bxh1 {[%mdl 4096] Endgame KBB-KBN} f5 28. Bf3 (28. Ke2 {was called for.}) 28... Bc1 29. b3 Bd2 {Played: Bc1-b2} 0-1

[Event "Pavlodar Open 2019"]
[Site "Pavlodar"]
[Date "2019.11.25"]
[Round "1.7"]
[White "Burmakin, Vladimir"]
[Black "Assylov, Miras"]
[Result "1-0"]
[WhiteElo "2508"]
[BlackElo "1684"]
[Annotator "TA"]
[PlyCount "59"]
[EventDate "2019.11.25"]
[EventType "swiss"]
[EventCountry "KAZ"]
[SourceTitle "playchess.com"]
[Source "ChessBase"]
[SourceQuality "1"]

{[%evp 22,59,-12,-8,0,0,16,18,20,18,52,54,74,62,84,66,90,78,168,149,139,144,212,212,212,212,225,214,278,273,316,278,344,350,358,342,360,359,1041,1022]} 1. Nf3 Nf6 2. g3 b6 3. Bg2 Bb7 4. O-O e6 5. d3 Be7 6. e4 d5 7. Nbd2 {[%cal Bb1d2,Bd2f1,Bf1e3,Be3g4][%mdl 32]} O-O 8. e5 Nfd7 9. Re1 c5 10. h4 Nc6 11. Nf1 Qc7 12. Bf4 b5 {C00: French: Unusual White 2nd moves} (12... Rae8 13. c3 Qb8 14. d4 Bd8 15. N1h2 Bc7 16. Bd2 b5 17. Ng4 a5 18. h5 a4 19. Qb1 cxd4 20. cxd4 f5 21. exf6 gxf6 {1-0 (53) Kozul,Z (2613)-Lobanov,S (2429) Tallinn 2016}) 13. h5 a5 14. h6 $146 ({Predecessor:} 14. N1h2 a4 15. Ng4 Rfe8 16. Qd2 a3 17. b3 Qa5 18. Qc1 Nb4 19. h6 g6 20. Bg5 {0-1 (40) Szilagyi,G-Mititelu,G Sofia 1957}) 14... g6 $1 {The position is equal.} 15. Ne3 Nb6 16. Ng4 a4 17. a3 b4 18. Bg5 Nd7 19. Qd2 Rfc8 (19... Qd8 $16 {keeps fighting.}) 20. Bxe7 Nxe7 21. axb4 Qb6 (21... Nf5 $16 22. b5 d4) 22. bxc5 $18 Rxc5 23. c3 Rb5 24. Ra2 Nc6 25. Qf4 Qd8 26. Rea1 (26. Ng5 $6 Qf8 $18) (26. c4 Rb4 $16) 26... Raa5 27. Rb1 ({Resist} 27. Ng5 Qf8 $18) (27. b4 axb3 28. Rxa5 (28. Ng5 Qe7 $11) 28... Rxa5 $16) 27... Rb6 28. Rxa4 ({Less strong is} 28. Ng5 Qe7 $18) 28... Rxa4 29. Qxa4 Ne7 $2 {[#]} (29... Ba6 30. Qc2 Qb8) 30. Qxd7 $1 {[%mdl 576] Remove Defender. Accuracy: White = 88%, Black =  7%.} 1-0

[Event "Pavlodar Open 2019"]
[Site "Pavlodar"]
[Date "2019.11.25"]
[Round "2.1"]
[White "Abdurakhmonov, Mukhammadali"]
[Black "Tiviakov, Sergei"]
[Result "0-1"]
[WhiteElo "2234"]
[BlackElo "2613"]
[Annotator "RC"]
[PlyCount "118"]
[EventDate "2019.11.25"]
[EventType "swiss"]
[EventCountry "KAZ"]
[SourceTitle "playchess.com"]
[Source "ChessBase"]
[SourceQuality "1"]
[TimeControl "5400+30"]

1. e4 {[%emt 0:03:16]} d5 {[%emt 0:00:00]} 2. exd5 {[%emt 0:01:02]} Qxd5 {[%emt 0:00:00]} 3. Nc3 {[%emt 0:00:08]} Qd6 {[%emt 0:00:00]} 4. d4 {[%emt 0:12:43]} Nf6 {[%emt 0:02:41]} 5. Be2 {[%emt 0:08:34]} c6 {[%emt 0:00:57]} 6. Nf3 {[%emt 0:00:40]} Bg4 {[%emt 0:03:17]} 7. h3 {[%emt 0:02:58]} Bxf3 {[%emt 0:02:47]} 8. Bxf3 {[%emt 0:00:06]} e6 {[%emt 0:00:04]} 9. O-O {[%emt 0:09:04]} Nbd7 {[%emt 0:00:19]} 10. Be3 {[%emt 0:03:59]} Qc7 {[%emt 0:02:44]} 11. Qe2 {[%emt 0:06:12]} Be7 {[%emt 0:03:57]} 12. a4 {[%emt 0:01:18]} O-O {[%emt 0:00:17]} 13. g3 {[%emt 0:00:30]} a5 {[%emt 0:02:02]} 14. Bg2 {[%emt 0:02:24]} Rfe8 {[%emt 0:02:20]} 15. Rfe1 {[%emt 0:04:38]} Bb4 {[%emt 0:01:48]} 16. Bd2 {[%emt 0:00:28]} Qd6 {[%emt 0:04:29]} 17. Ne4 {[%emt 0:05:37]} Nxe4 18. Bxe4 {[%emt 0:00:09]} Bxd2 19. Qxd2 {[%emt 0:00:06]} e5 {[%emt 0:03:36]} 20. Rad1 {[%emt 0:02:09]} exd4 {[%emt 0:06:28]} 21. Qxd4 {[%emt 0:00:41]} Qxd4 {[%emt 0:00:05]} 22. Rxd4 {[%emt 0:00:05]} Nb6 {[%emt 0:03:15]} 23. Kf1 {[%emt 0:02:33]} Rad8 {[%emt 0:07:15]} 24. Rxd8 {[%emt 0:00:12]} Rxd8 {[%emt 0:00:01]} 25. b3 {[%emt 0:00:13]} g6 {[%emt 0:00:17]} 26. Bf3 {[%emt 0:05:04]} Kf8 {[%emt 0:00:40]} 27. Re5 {[%emt 0:00:25]} Ra8 {[%emt 0:00:05]} 28. Bg4 {[%emt 0:00:55]} Nd5 {[%emt 0:02:12]} 29. Ke1 {[%emt 0:04:55]} f6 {[%emt 0:17:25]} 30. Re2 {[%emt 0:00:07]} f5 {[%emt 0:00:04]} 31. Bf3 {[%emt 0:00:06]} Nb4 {[%emt 0:00:04]} 32. Kd2 {[%emt 0:04:25]} Rd8+ {[%emt 0:00:37]} 33. Kc3 {[%emt 0:00:20]} Rd6 {[%emt 0:00:39]} 34. Re1 {[%emt 0:04:29]} b6 {[%emt 0:02:58]} 35. h4 {[%emt 0:06:02]} Kf7 {[%emt 0:00:24]} 36. Re2 {[%emt 0:00:36]} Na6 {[%emt 0:07:45]} 37. Kc4 {[%emt 0:03:18]} Nc5 {[%emt 0:01:20]} 38. Bg2 {[%emt 0:02:48]} Ne6 {[%emt 0:06:18]} 39. c3 {[%emt 0:01:46]} Kf6 {[%emt 0:00:46]} 40. Bf3 {[%emt 0:01:02]} Nc5 {[%emt 0:10:52]} 41. Re3 {[%emt 0:02:00]} h6 {[%emt 0:03:32]} 42. Bg2 {[%emt 0:00:43]} g5 {[%emt 0:00:10]} 43. hxg5+ {[%emt 0:00:05]} hxg5 {[%emt 0:00:02]} 44. Bh1 {[%emt 0:01:27]} g4 {[%emt 0:04:42]} 45. f4 {[%emt 0:01:27]} gxf3 {[%emt 0:00:07]} 46. Bxf3 {[%emt 0:00:07]} Nd7 {[%emt 0:00:08]} 47. b4 {[%emt 0:00:25]} Ne5+ {[%emt 0:00:06]} 48. Kb3 {[%emt 0:00:04]} c5 {[%emt 0:01:15]} 49. Be2 {[%emt 0:01:12]} Rd2 {[%emt 0:00:08]} 50. Ba6 {[%emt 0:00:41]} c4+ {[%emt 0:01:03]} 51. Ka3 {[%emt 0:00:32]} Rc2 {[%emt 0:00:07]} 52. bxa5 {[%emt 0:00:31]} bxa5 {[%emt 0:00:05]} 53. Bc8 {[%emt 0:00:27]} Nd3 {[%emt 0:00:23]} 54. Re6+ {[%emt 0:00:21]} Kg5 {[%emt 0:00:26]} 55. Ba6 {[%emt 0:00:49]} Nc1 {[%emt 0:01:10]} 56. Bxc4 {[%emt 0:00:06]} Rxc3+ {[%emt 0:00:03]} 57. Kb2 {[%emt 0:00:06]} Rxc4 {[%emt 0:00:03]} 58. Re3 {[%emt 0:00:30]} Kg4 {[%emt 0:00:07]} 59. Kb1 {[%emt 0:00:07]} Re4 {[%emt 0:00:09]} 0-1

[Event "Pavlodar Open 2019"]
[Site "Pavlodar"]
[Date "2019.11.25"]
[Round "2.2"]
[White "Sivuk, Vitaly"]
[Black "Jumanov, Elbek"]
[Result "1-0"]
[WhiteElo "2582"]
[BlackElo "2241"]
[Annotator "TA"]
[PlyCount "101"]
[EventDate "2019.11.25"]
[EventType "swiss"]
[EventCountry "KAZ"]
[SourceTitle "playchess.com"]
[Source "ChessBase"]
[SourceQuality "1"]

{[%evp 15,101,58,105,58,56,62,68,66,106,60,69,59,68,0,0,0,69,12,14,11,9,23,97,72,73,73,106,87,100,87,83,104,80,67,133,144,122,107,125,55,45,42,74,43,185,164,156,166,190,191,197,185,199,202,206,200,204,197,208,218,216,207,334,333,732,669,738,751,716,671,418,116,143,139,203,188,285,270,2078,1760,2858,1722,2849,2261,618,566,12839,12836]} 1. d4 Nf6 2. c4 c5 3. Nf3 g6 4. Nc3 Bg7 5. e4 O-O 6. Be2 d6 7. O-O Bg4 8. d5 e5 9. Ne1 {E91: King's Indian: Classical: 6 Be2, unusual replies including 6...c5 and 6...Bg4} Bxe2 (9... Bd7 10. f4 exf4 11. Bxf4 Qe7 12. Bf3 Na6 13. Nd3 Nb4 14. Nf2 Be8 15. a3 Na6 16. e5 dxe5 {0-1 (69) Vallejo Pons,F (2686)-Morozevich,A (2741) Monte Carlo 2005}) 10. Qxe2 Nfd7 $146 ({Predecessor:} 10... a6 11. Nd3 Nbd7 12. a4 a5 13. Kh1 Nh5 14. g4 Nhf6 15. Rg1 Kh8 16. Rg3 Ng8 17. Bd2 h6 18. Rag1 Bf6 19. Rh3 Bg5 20. Be3 {½-½ (20) Czebe,A (2491)-Varga,Z (2455) Heviz 2012}) 11. Nd3 {White is slightly better.} f5 12. Rb1 Nf6 13. f3 Nbd7 14. b4 (14. exf5 $14 gxf5 15. g4) 14... cxb4 15. Rxb4 b6 (15... fxe4 $11 16. Nxe4 (16. fxe4 Rc8 $11) 16... Nxe4 17. Qxe4 (17. fxe4 Rxf1+ 18. Qxf1 Qc7 $11) 17... b6) 16. Be3 (16. exf5 $14 gxf5 17. Rb1) 16... fxe4 $11 17. fxe4 Nh5 18. g3 Bf6 (18... Rxf1+ $11 {keeps the balance.} 19. Qxf1 Qf6) 19. Rbb1 Bg5 20. Rxf8+ Nxf8 21. Bf2 Nd7 22. Nb4 Nc5 23. Nc6 Qd7 24. Kg2 Rf8 (24... Nb7 $14) 25. a4 $16 Nf6 26. Bg1 Qg4 {With the idea ...Qxe2+.} 27. Qxg4 (27. Rb2 $1 $16) 27... Nxg4 $14 28. Bxc5 bxc5 29. Nd1 $1 a6 (29... Nf6 $1 $14) 30. Rb6 $18 Nf6 31. Nf2 $1 Be3 {Strongly threatening ...Bxf2.} 32. Rxa6 Bxf2 33. Kxf2 Nxd5+ {[%mdl 4096] Endgame KRN-KRN} 34. Ke2 Nc3+ 35. Ke3 Nd1+ 36. Kd2 Nf2 37. a5 Nxe4+ 38. Ke3 Nc3 (38... Nf6 $142 39. h3 g5) 39. Rb6 d5 $2 (39... Na4) 40. Ne7+ Kf7 41. Nxd5 Nxd5+ 42. cxd5 {KR-KR} Ke7 43. Kd3 $2 (43. a6 $18 {and the rest is easy.}) 43... Rf1 44. Kc4 $1 Rc1+ (44... Ra1 $16 {was necessary.}) 45. Kb5 c4 {[#]} (45... Kd7 $142) 46. Kc6 $1 {aiming for d6+.} c3 $2 (46... Rd1 47. a6 c3) 47. d6+ {White is clearly winning.} Ke6 {[#]} 48. Kc7 $1 Rd1 49. Rc6 e4 50. a6 {Threatens to win with a7.} Kf5 51. Rxc3 {Accuracy: White = 60%, Black = 47%.} 1-0

[Event "Pavlodar Open 2019"]
[Site "Pavlodar"]
[Date "2019.11.25"]
[Round "2.3"]
[White "Obolenskikh, Dmitry"]
[Black "Sadubayev, Airat"]
[Result "1-0"]
[WhiteElo "2542"]
[BlackElo "2188"]
[Annotator "RC"]
[PlyCount "77"]
[EventDate "2019.11.25"]
[EventType "swiss"]
[EventCountry "KAZ"]
[SourceTitle "playchess.com"]
[Source "ChessBase"]
[SourceQuality "1"]
[TimeControl "5400+30"]

1. Nf3 {[%emt 0:08:13]} Nf6 {[%emt 0:00:29]} 2. c4 {[%emt 0:00:05]} e6 {[%emt 0:00:38]} 3. g3 {[%emt 0:00:09]} d5 {[%emt 0:00:47]} 4. Bg2 {[%emt 0:00:05]} Be7 {[%emt 0:02:07]} 5. d4 {[%emt 0:00:12]} O-O {[%emt 0:01:27]} 6. O-O {[%emt 0:00:24]} b6 {[%emt 0:04:06]} 7. cxd5 {[%emt 0:00:33]} exd5 {[%emt 0:00:07]} 8. Nc3 {[%emt 0:00:08]} Bb7 {[%emt 0:02:10]} 9. Bf4 {[%emt 0:00:08]} c6 {[%emt 0:00:56]} 10. Qb3 {[%emt 0:03:17]} Na6 {[%emt 0:10:58]} 11. Rac1 {[%emt 0:00:13]} Rc8 {[%emt 0:00:40]} 12. Bh3 {[%emt 0:00:34]} Ra8 {[%emt 0:01:38]} 13. Rfd1 {[%emt 0:00:20]} b5 {[%emt 0:14:25]} 14. Ne5 {[%emt 0:02:49]} Qb6 {[%emt 0:02:33]} 15. Bg5 {[%emt 0:02:21]} Bc8 {[%emt 0:14:30]} 16. Bg2 {[%emt 0:03:08]} Be6 {[%emt 0:02:53]} 17. a4 {[%emt 0:05:57]} b4 {[%emt 0:02:32]} 18. a5 {[%emt 0:05:55]} Qb7 {[%emt 0:01:08]} 19. Na4 {[%emt 0:01:04]} Rac8 {[%emt 0:01:36]} 20. e3 {[%emt 0:00:37]} h6 {[%emt 0:06:43]} 21. Bxf6 {[%emt 0:00:12]} Bxf6 {[%emt 0:00:07]} 22. Nd3 {[%emt 0:01:33]} Qb5 {[%emt 0:06:17]} 23. Nac5 {[%emt 0:00:54]} Bg4 {[%emt 0:09:28]} 24. Rd2 {[%emt 0:02:24]} Qxa5 {[%emt 0:01:46]} 25. Nxa6 {[%emt 0:00:16]} Qxa6 {[%emt 0:00:04]} 26. Bf1 {[%emt 0:01:34]} Qb6 {[%emt 0:04:01]} 27. Qxb4 {[%emt 0:00:07]} Rb8 {[%emt 0:00:38]} 28. Qd6 {[%emt 0:03:21]} Rfc8 {[%emt 0:01:28]} 29. Rdc2 {[%emt 0:00:11]} c5 {[%emt 0:03:41]} 30. Qf4 {[%emt 0:00:35]} h5 {[%emt 0:01:12]} 31. dxc5 {[%emt 0:03:49]} Qc7 {[%emt 0:01:17]} 32. c6 {[%emt 0:04:25]} Qxf4 {[%emt 0:02:31]} 33. Nxf4 {[%emt 0:00:06]} Bxb2 {[%emt 0:01:02]} 34. c7 {[%emt 0:01:50]} Rb6 {[%emt 0:00:28]} 35. Rb1 {[%emt 0:02:46]} Bd4 {[%emt 0:00:34]} 36. Rxb6 {[%emt 0:00:08]} Bxb6 {[%emt 0:00:07]} 37. Nxd5 {[%emt 0:00:05]} Kf8 {[%emt 0:00:50]} 38. Nxb6 {[%emt 0:00:10]} axb6 {[%emt 0:00:14]} 39. Ba6 {[%emt 0:00:05]} 1-0